000
00273nam a22001097a 4500
082
_a
621.381528 BAS'D
100
_a
DEPARTMENT OF THE ARMY
_9
44833
245
_a
BASIC THOERY AND APPLICATION OF TRANSISTORS
260
_a
NEWYORK
_b
DOVER
_c
1963
300
_a
263P
942
_c
BK
999
_c
582840
_d
582840